Statistics for Singers by Spouses

Click here to take the quiz!

General Stats

  • This quiz has been taken 4,779 times
    (4,741 since last reset)
  • The average score is 15 of 22

Answer Stats

Spouse Singer % Correct
Jay-ZBeyoncé
94%
Yoko OnoJohn Lennon
93%
Priscilla P______Elvis Presley
89%
Sean Penn, Guy RitchieMadonna
82%
Sonny Bono, Gregg AllmanCher
81%
Courtney LoveKurt Cobain
79%
Russell BrandKaty Perry
76%
Lisa Marie Presley, Debbie RoweMichael Jackson
75%
Jessica BielJustin Timberlake
75%
Kevin FederlineBritney Spears
75%
Bobby BrownWhitney Houston
75%
Nicole KidmanKeith Urban
69%
Gwyneth PaltrowChris Martin
69%
June Carter C___Johnny Cash
66%
Iman, Angie B____David Bowie
57%
Nancy Barbato, Ava Gardner, Mia FarrowFrank Sinatra
56%
Tim McGrawFaith Hill
50%
Bianca J_____Mick Jagger
47%
Elliot Gould, James BrolinBarbra Streisand
43%
Vincente Minnelli, Sidney LuftJudy Garland
40%
Pattie Boyd (1966-1977)George Harrison
32%
Pattie Boyd (1979-1988)Eric Clapton
29%

Score Distribution

Percentile by Number Answered

Percent of People with Each Score

Your Score History

You have not taken this quiz since the last reset